| 000 | 00433nam a2200169Ia 4500 | ||
|---|---|---|---|
| 008 | 230718s9999 xx 000 0 und d | ||
| 020 | _a9788177582765 | ||
| 041 | _aeng | ||
| 082 |
_a004.16 _bANT |
||
| 100 | _aAntonakos J.L. | ||
| 245 | _aPentium Microprocessor | ||
| 260 |
_c2006 _bPearson |
||
| 300 | _a555 | ||
| 365 |
_cRs. _b425.00 |
||
| 700 | _aAntonakos J.L. | ||
| 906 |
_dO:0033612-Oct-2009B:50310-Oct-2009 _cETC _b531.25 |
||
| 999 |
_c322918 _d322918 |
||